000 00280nam a22001337a 4500
008 170831b xxu||||| |||| 00| 0 eng d
020 _a9780805842579
041 _aeng
080 _a070
100 _a40
101 _aMED
245 _aMIXED MEDIA
_cBIVINS,TH
942 _2udc
_cBK
999 _c25859
_d25859